000 00732nam a2200193Ia 4500
008 151121s9999||||xx |||||||||||||| ||und||
082 _a551।442/ घाणेक
082 _bHNW-70188
100 _aघाणेकर प्र। के।
245 _aविज्ञानातील चमत्कार लोणार
260 _b"स्नेहल, पुणे।"
260 _c--
300 _a52
600 _aघाणेकर प्र। के।
630 _aविज्ञानातील चमत्कार लोणार
700 _aघाणेकर प्र। के।
730 _aविज्ञानातील चमत्कार लोणार
942 _cBOOK
999 _c1251663
_d1251660